00723nam a22001817a 4500999001900000005001700019010001500036020003000051035001400081037001300095082000800108245008100116260006100197270007700258300003900335942002200374952014500396 c177686d17768620210225142857.0 aENG-129062 c499.00a978-0-7537-3347-9 aEN-112594 bDBAD/PUB a920 aWomen Who Changed the World: The Most Remarkable Women of the Last 100 Years aGurugrambHachette Book Publishing India Pvt. Ltd.c2019 bGurugrama4th/5th Floors, Corporate Centre, Plot No- 94, Sec- 44e122003 a192p.c22cm(hbk)bIncluding Index. 2ddccENh920mWOM 001040708NFICaAVbAVd2021-02-25eDBAD/PUBg499.00l8m2o920 WOMpEN-112594r2024-05-30 00:00:00s2024-04-30t1v499.00w2021-02-25yEN